000
00331 a2200157 4500
001
152082
040
_c
Escola São Tomás de Aquino
100
_a
PENA, Martins
240
1
0
_a
O noviço .
_l
por
245
1
0
_a
O noviço .
300
_a
128
362
0
_a
2002
440
1
_a
Ática
697
_a
*LITERATURA JUVENIL
942
_c
BK
999
_c
152082
_d
152082